Statistiques concernant Les talents des Pokémons de la 6ème génération

Cliquez ici pour prendre le quiz!

Statistiques générales

  • Ce quiz a été pris 25 fois
    (16 depuis la dernière actualisation)
  • Le résultat moyen est 161 sur 225

Statistiques - réponses

TalentPokémonRéponse% Correct
Talent cachéBraisillonAiles Bourrasque
100%
Talent cachéPasserougeAiles Bourrasque
100%
Talent cachéFlambusardAiles Bourrasque
100%
Talent 1XerneasAura Féérique
100%
Talent 1ZygardeAura Inversée
100%
Talent 1YveltalAura Ténébreuse
100%
Talent 1GoupelinBrasier
100%
Talent 1FeunnecBrasier
100%
Talent 1RoussilBrasier
100%
Talent 1SepiatopContestation
100%
Talent 1SepiatroceContestation
100%
Talent 1BraisillonCorps Ardent
100%
Talent 1FlambusardCorps Ardent
100%
Talent 2SéracrawlCorps Gel
100%
Talent 2GrelaçonCorps Gel
100%
Talent 1MarissonEngrais
100%
Talent 1BlindépiqueEngrais
100%
Talent 1BoguérisseEngrais
100%
Talent cachéMistigrix (M)Farceur
100%
Talent 1TrousselinFarceur
100%
Talent 1ChevroumHerbivore
100%
Talent 1CabriolaineHerbivore
100%
Talent 1MuplodocusHerbivore
100%
Talent 1ColimucusHerbivore
100%
Talent 1MucusculeHerbivore
100%
Talent 1HoopaMagicien
100%
Talent cachéRoussilMagicien
100%
Talent cachéFeunnecMagicien
100%
Talent cachéTrousselinMagicien
100%
Talent cachéGoupelinMagicien
100%
Talent cachéNymphaliPeau Féérique
100%
Talent 1VenalguePoint Poison
100%
Talent 1KravarechPoint Poison
100%
Talent 1Amphinobi (S)Synergie
100%
Talent 1AmphinobiTorrent
100%
Talent 1GrenousseTorrent
100%
Talent 1CroâporalTorrent
100%
Talent 1ExagideDéclic Tactique
83%
Talent cachéCupcanailleDélestage
83%
Talent cachéSucroquinDélestage
83%
Talent 2BrutalibréDélestage
83%
Talent cachéGrelaçonFermeté
83%
Talent cachéPtyranidurFermeté
83%
Talent cachéSéracrawlFermeté
83%
Talent cachéStrassieFermeté
83%
Talent 2DesséliandeFouille
83%
Talent 2BrocélômeFouille
83%
Talent 2PitrouilleFouille
83%
Talent 1SonistrelleFouille
83%
Talent 1BruyverneFouille
83%
Talent 2BanshitrouyeFouille
83%
Talent 1AmagaraPeau Gelée
83%
Talent 1DragmaraPeau Gelée
83%
Talent 1IguoltaPeau Sèche
83%
Talent 1GalvaranPeau Sèche
83%
Talent cachéAmphinobiProtéen
83%
Talent cachéGrenousseProtéen
83%
Talent cachéCroâporalProtéen
83%
Talent 1ZygardeRassemblement
83%
Talent 1HélionceauRivalité
83%
Talent 1NéméliosRivalité
83%
Talent 2FluvetinX
83%
Talent 2DiancieX
83%
Talent 2ZygardeX
83%
Talent cachéDimoclèsX
83%
Talent 2VolcanionX
83%
Talent cachéZygardeX
83%
Talent cachéDiancieX
83%
Talent 2ExagideX
83%
Talent cachéExagideX
83%
Talent cachéHoopaX
83%
Talent 2MarissonX
83%
Talent 2HoopaX
83%
Talent 2FlingousteX
83%
Talent 2CocotineX
83%
Talent 2SucroquinX
83%
Talent cachéMonorpaleX
83%
Talent cachéFlingousteX
83%
Talent 2ZygardeX
83%
Talent 2TrousselinX
83%
Talent 2XerneasX
83%
Talent cachéXerneasX
83%
Talent 2YveltalX
83%
Talent cachéYveltalX
83%
Talent 2StrassieX
83%
Talent 2NymphaliX
83%
Talent 2GamblastX
83%
Talent 2DragmaraX
83%
Talent 2AmagaraX
83%
Talent 2RexilliusX
83%
Talent cachéZygardeX
83%
Talent 2PtyranidurX
83%
Talent cachéGamblastX
83%
Talent 2DimoclèsX
83%
Talent 2CupcanailleX
83%
Talent 2MonorpaleX
83%
Talent cachéAmphinobi (S)X
83%
Talent 2FlorgesX
83%
Talent 2FloetteX
83%
Talent 2FlabébéX
83%
Talent 2PérégrainX
83%
Talent 2FlambusardX
83%
Talent 2BraisillonX
83%
Talent 2PasserougeX
83%
Talent 2Amphinobi (S)X
83%
Talent 2ChevroumX
83%
Talent 2AmphinobiX
83%
Talent 2CroâporalX
83%
Talent 2GrenousseX
83%
Talent 2GoupelinX
83%
Talent 2RoussilX
83%
Talent 2FeunnecX
83%
Talent 2BlindépiqueX
83%
Talent 2BoguérisseX
83%
Talent 2CabriolaineX
83%
Talent cachéVolcanionX
83%
Talent cachéCouafarelX
83%
Talent 2CouafarelX
83%
Talent 1VolcanionAbsorbe-Eau
67%
Talent cachéDragmaraAlerte Neige
67%
Talent cachéAmagaraAlerte Neige
67%
Talent 1MonorpaleAnnule Garde
67%
Talent 1DimoclèsAnnule Garde
67%
Talent cachéCocotineAroma-Voile
67%
Talent cachéFluvetinAroma-Voile
67%
Talent 2SapereauBajoues
67%
Talent 2ExcavarenneBajoues
67%
Talent 1DedenneBajoues
67%
Talent 2PandespiègleBrise Moule
67%
Talent cachéBrutalibréBrise Moule
67%
Talent 2PandarbareBrise Moule
67%
Talent cachéSapereauColoforce
67%
Talent cachéExcavarenneColoforce
67%
Talent 1DiancieCorps Sain
67%
Talent 1StrassieCorps Sain
67%
Talent 1PrismillonÉcran Poudre
67%
Talent 1LépidonilleÉcran Poudre
67%
Talent cachéIguoltaForce Soleil
67%
Talent cachéGalvaranForce Soleil
67%
Talent 2ColimucusHydratation
67%
Talent 2MucusculeHydratation
67%
Talent 2MuplodocusHydratation
67%
Talent cachéSepiatopInfiltration
67%
Talent 2PsystigriInfiltration
67%
Talent 2BruyverneInfiltration
67%
Talent 2Mistigrix (M)Infiltration
67%
Talent 2Mistigrix (F)Infiltration
67%
Talent cachéSepiatroceInfiltration
67%
Talent 2SonistrelleInfiltration
67%
Talent 1NymphaliJoli Sourire
67%
Talent 1GamblastMéga Blaster
67%
Talent 1FlingousteMéga Blaster
67%
Talent 2LépidonilleŒil Composé
67%
Talent 2PrismillonŒil Composé
67%
Talent cachéBlindépiquePare-Balles
67%
Talent cachéBoguérissePare-Balles
67%
Talent cachéMarissonPare-Balles
67%
Talent cachéMuplodocusPoisseux
67%
Talent cachéColimucusPoisseux
67%
Talent cachéMucusculePoisseux
67%
Talent 1RexilliusPrognathe
67%
Talent 1PtyranidurPrognathe
67%
Talent 1ExcavarenneRamassage
67%
Talent 2DedenneRamassage
67%
Talent 1SapereauRamassage
67%
Talent 1PitrouilleRamassage
67%
Talent 1BanshitrouyeRamassage
67%
Talent 1PsystigriRegard Vif
67%
Talent 1Mistigrix (F)Regard Vif
67%
Talent 1Mistigrix (M)Regard Vif
67%
Talent 2NéméliosTension
67%
Talent 2HélionceauTension
67%
Talent cachéRexilliusTête de Roc
67%
Talent 1CouafarelToison Epaisse
67%
Talent cachéKravarechAdaptabilité
50%
Talent cachéVenalgueAdaptabilité
50%
Talent cachéMistigrix (F)Battant
50%
Talent 1BrutalibréEchauffement
50%
Talent 1FlabébéFlora-Voile
50%
Talent 1FlorgesFlora-Voile
50%
Talent 1FloetteFlora-Voile
50%
Talent 1SucroquinGluco-Voile
50%
Talent 1CupcanailleGluco-Voile
50%
Talent 1OpermineGriffe Dure
50%
Talent 1GolgopatheGriffe Dure
50%
Talent 1BrocélômeMédic Nature
50%
Talent 1DesséliandeMédic Nature
50%
Talent cachéDedennePlus
50%
Talent 1PandarbarePoing de Fer
50%
Talent 1PandespièglePoing de Fer
50%
Talent cachéDesséliandeRécolte
50%
Talent cachéBrocélômeRécolte
50%
Talent cachéFloetteSymbiose
50%
Talent cachéFlabébéSymbiose
50%
Talent cachéFlorgesSymbiose
50%
Talent cachéChevroumToison Herbue
50%
Talent cachéCabriolaineToison Herbue
50%
Talent 2KravarechToxitouche
50%
Talent 2VenalgueToxitouche
50%
Talent 2SepiatopVentouse
50%
Talent 2SepiatroceVentouse
50%
Talent 1PasserougeCœur de Coq
33%
Talent 1CocotineCœur Soin
33%
Talent 1FluvetinCœur Soin
33%
Talent cachéHélionceauImpudence
33%
Talent cachéNéméliosImpudence
33%
Talent 1PérégrainMue
33%
Talent cachéOperminePickpocket
33%
Talent cachéGolgopathePickpocket
33%
Talent cachéPandarbareQuerelleur
33%
Talent cachéPandespiègleQuerelleur
33%
Talent 2GolgopatheSniper
33%
Talent 2OpermineSniper
33%
Talent 2GalvaranVoile Sable
33%
Talent 2IguoltaVoile Sable
33%
Talent cachéPérégrainGarde-Ami
17%
Talent cachéLépidonilleGarde-Ami
17%
Talent cachéPrismillonGarde-Ami
17%
Talent cachéBanshitrouyeInsomnia
17%
Talent cachéPitrouilleInsomnia
17%
Talent cachéPsystigriTempo Perso
17%
Talent 1SéracrawlTempo Perso
17%
Talent 1GrelaçonTempo Perso
17%
Talent cachéBruyverneTélépathe
0%
Talent cachéSonistrelleTélépathe
0%

Distribution des résultats

Percentile par nombre de réponses

% des personnes avec chaque résultat

Votre développement - résultats

Vous n’avez pas pris ce quiz depuis la dernière actualisation